Building a program for the one-teacher school. (Record no. 22078)

MARC details
000 -LEADER
fixed length control field 00809cam a22002531 4500
001 - CONTROL NUMBER
control field e 48000016
003 - CONTROL NUMBER IDENTIFIER
control field DLC
005 - DATE AND TIME OF LATEST TRANSACTION
control field 20260227111233.0
008 - FIXED-LENGTH DATA ELEMENTS--GENERAL INFORMATION
fixed length control field 821213s1947 kyu s000 0 eng c
010 ## - LIBRARY OF CONGRESS CONTROL NUMBER
LC control number e 48000016
035 ## - SYSTEM CONTROL NUMBER
System control number (OCoLC)9047001
040 ## - CATALOGING SOURCE
Original cataloging agency U.S. Office of Education. Library
Transcribing agency DNIE
Modifying agency DLC
042 ## - AUTHENTICATION CODE
Authentication code premarc
043 ## - GEOGRAPHIC AREA CODE
Geographic area code n-us-ky
050 00 - LIBRARY OF CONGRESS CALL NUMBER
Classification number L152
Item number .B35 vol. 15, no. 6
082 ## - DEWEY DECIMAL CLASSIFICATION NUMBER
Classification number 379.173
110 1# - MAIN ENTRY--CORPORATE NAME
Corporate name or jurisdiction name as entry element Kentucky.
Subordinate unit State College, Murray.
245 10 - TITLE STATEMENT
Title Building a program for the one-teacher school.
260 ## - PUBLICATION, DISTRIBUTION, ETC.
Place of publication, distribution, etc. Frankfort,
Date of publication, distribution, etc. 1947.
300 ## - PHYSICAL DESCRIPTION
Extent [285]-348 p.
Dimensions 23 cm.
490 1# - SERIES STATEMENT
Series statement Kentucky. Dept. of Education. Educational bulletin,
Volume/sequential designation v. 15 no. 6
650 #0 - SUBJECT ADDED ENTRY--TOPICAL TERM
Topical term or geographic name entry element Rural schools
Geographic subdivision Kentucky.
810 10 - SERIES ADDED ENTRY--CORPORATE NAME
Corporate name or jurisdiction name as entry element Kentucky.
Subordinate unit Department of Education.
Title of a work Educational bulletin,
Volume/sequential designation v. 15 no. 6.

No items available.

Powered by Koha